Výkony cestovného ruchu na Slovensku diplomová práca

Guardado en:
Detalles Bibliográficos
Autor principal: Miklošová, Lucia
Autor Corporativo: Obchodná fakulta EU. Katedra služieb a cestovného ruchu - zrušené
Otros Autores: Michálková, Anna, 1968-
Formato: Libro
Lenguaje:eslovaco
Publicado: Bratislava 2019
Etiquetas: Agregar Etiqueta
Sin Etiquetas, Sea el primero en etiquetar este registro!

MARC

LEADER 00000nbm a2200000 4500
001 0253958
005 20191029092440.7
041 0 |a slo 
044 |a SK 
245 1 0 |a Výkony cestovného ruchu na Slovensku  |b diplomová práca  |c Lucia Miklošová ; školiteľ: Anna Michálková 
264 1 |a Bratislava  |c 2019 
300 |a 63 s. 
100 1 |a Miklošová, Lucia 
700 1 |a Michálková, Anna, 1968- 
710 2 |a Obchodná fakulta EU. Katedra služieb a cestovného ruchu - zrušené